Score 0/24 Timer 04:00
0 Plays Today
Names Answer % Correct
A) Nikki or B) Rikki????
90.7%
A) Jenny or B) Penny????
89.5%
A) Chaya or B) Maya????
88.9%
A) Kayla or B) Shayla????
87.2%
A) Brenda or B) Glenda????
84.1%
A) Brenna or B) Jenna????
82.3%
A) Dawn or B) Shawn????
80.8%
A) Kami or B) Tammy????
74.9%
A) Celia or B) Delia????
73.8%
A) Belinda or B) Melinda????
71.4%
A) Jillian or B) Lillian????
71.1%
A) Mandy or B) Sandy????
71%
Names Answer % Correct
A) Brynn or B) Lynn????
70.3%
A) Karen or B) Sharon????
70.2%
A) Lacey or B) Tracy????
67.8%
A) Cindy or B) Mindy????
67.7%
A) Darlene or B) Marlene????
66.5%
A) Joelle or B) Noelle????
60.9%
A) Nina or B) Tina????
60.3%
A) Helen or B) Ellen????
58.1%
A) Holly or B) Molly????
55.6%
A) Danelle or B) Janelle????
47.2%
A) Sasha or B) Tasha????
39%
A) Kristy or B) Misty????
16.7%
Remove Ads.
Support Sporcle.
Get the best of Sporcle when you Go Orange. This ad-free experience offers more features, more stats, and more fun while also helping to support Sporcle. Thank you for becoming a member.

You're not logged in!

Compare scores with friends on all Sporcle quizzes.
OR
Log In

Show Comments

Extras

Top Quizzes Today


Score Distribution

Your Account Isn't Verified!

In order to create a playlist on Sporcle, you need to verify the email address you used during registration. Go to your Sporcle Settings to finish the process.

Report this User

Report this user for behavior that violates our Community Guidelines.

Details: